| 000 | 00461nam a22001577a 4500 | ||
|---|---|---|---|
| 005 | 20251108171039.0 | ||
| 008 | 250721s1994 xx 000 0 ara d | ||
| 082 | 1 | 4 | _a341.02665650402/قضا |
| 100 | 1 | _aالقضاة، أحمد محمد | |
| 245 | 1 | 0 | _aمعركة السلام / |
| 264 | 1 |
_aعمان : _bدائرة المطبوعات، _c1994. |
|
| 650 | 1 | 7 | _aالقانون الدولي |
| 650 | 1 | 7 | _aالمعاهدات |
| 942 |
_2ddc _cBK |
||
| 999 |
_c55239 _d55239 |
||